<?xml version="1.0" encoding="UTF-8"?>
<collection xmlns="http://www.loc.gov/MARC21/slim">
 <record>
  <leader>02221nam a22002411a 4500</leader>
  <controlfield tag="001">1/27716</controlfield>
  <controlfield tag="008">      s2001    lu     f      00010 gre d</controlfield>
  <datafield tag="022" ind1="0" ind2=" ">
   <subfield code="a">0254-1483</subfield>
  </datafield>
  <datafield tag="022" ind1="0" ind2=" ">
   <subfield code="a">0254-1475</subfield>
  </datafield>
  <datafield tag="028" ind1="3" ind2="1">
   <subfield code="a">KT-CO-01-370-GR-C</subfield>
  </datafield>
  <datafield tag="028" ind1="3" ind2="1">
   <subfield code="a">KT-CO-01-370-EN-C</subfield>
  </datafield>
  <datafield tag="035" ind1=" " ind2=" ">
   <subfield code="l">29578</subfield>
  </datafield>
  <datafield tag="040" ind1=" " ind2=" ">
   <subfield code="a">GR-PeUP</subfield>
  </datafield>
  <datafield tag="084" ind1=" " ind2=" ">
   <subfield code="a">KET COM (2001) 345 τελικό</subfield>
  </datafield>
  <datafield tag="110" ind1="2" ind2=" ">
   <subfield code="a">Επιτροπή των Ευρωπαϊκών Κοινοτήτων.</subfield>
  </datafield>
  <datafield tag="245" ind1="1" ind2="0">
   <subfield code="a">Πρόταση Κανονισμός του Συμβουλίου περί θέσπισης μεταβατικών μέτρων για να επιτραπεί η μετάβαση στον κανονισμό του Ευρωπαϊκού Κοινοβουλίου και του Συμβουλίου (ΕΚ) αριθ. 999/2001 για τη θέσπιση κανόνων πρόληψης, καταπολέμησης και εξάλειψης ορισμένων μεταδοτικών σπογγωδών εγκεφαλοπαθειών και περί τροποποίησης των παραρτημάτων VII και XI του εν λόγω κανονισμού:</subfield>
   <subfield code="b">υποβληθέν από την Επιτροπή/</subfield>
   <subfield code="c">Επιτροπή των Ευρωπαϊκών Κοινοτήτων</subfield>
  </datafield>
  <datafield tag="246" ind1="1" ind2="0">
   <subfield code="a">Proposal for a Council regulation laying down transitional measures to permit the change- over to the regulation of the European Parliament and of the Council (EC) 999/2001 laying down rules for the prevention, control and eradication of certain transmissible spongiform encephalopathies, and amending Annexes VII and IX of that regulation:</subfield>
   <subfield code="b">presented by the Commission</subfield>
  </datafield>
  <datafield tag="260" ind1="0" ind2=" ">
   <subfield code="a">Βρυξέλλες, Λουξεμβούργο:</subfield>
   <subfield code="b">Υπηρεσία Επισήμων Εκδόσεων των Ευρωπαϊκών Κοινοτήτων,</subfield>
   <subfield code="c">15.6.2001</subfield>
  </datafield>
  <datafield tag="300" ind1=" " ind2=" ">
   <subfield code="a">21 σελ.</subfield>
  </datafield>
  <datafield tag="500" ind1=" " ind2=" ">
   <subfield code="a">Δίγλωσσο</subfield>
  </datafield>
  <datafield tag="852" ind1=" " ind2=" ">
   <subfield code="a">INST</subfield>
   <subfield code="b">UNIPILB</subfield>
   <subfield code="c">KET</subfield>
   <subfield code="e">20050830</subfield>
   <subfield code="h">KET COM (2001) 345 τελικό</subfield>
   <subfield code="p">COM (2001) 345</subfield>
   <subfield code="q">COM (2001) 345</subfield>
   <subfield code="t">NOLOAN</subfield>
   <subfield code="y">23</subfield>
   <subfield code="4">1</subfield>
  </datafield>
  <datafield tag="856" ind1="4" ind2="1">
   <subfield code="u">http://eur-lex.europa.eu/LexUriServ/LexUriServ.do?uri=COM:2001:0345:FIN:EN:PDF</subfield>
  </datafield>
  <datafield tag="856" ind1="4" ind2="1">
   <subfield code="u">http://eur-lex.europa.eu/LexUriServ/LexUriServ.do?uri=COM:2001:0345:FIN:EL:PDF</subfield>
  </datafield>
 </record>
</collection>
